[Event "Bangkok Big Rook op 4th"]
[Site "Bangkok"]
[Date "2024.05.05"]
[Round "8"]
[White "Polschikov, Alexey"]
[Black "Kaushik, Ashwath"]
[Result "1-0"]
[WhiteElo "2389"]
[BlackElo "1942"]
[PlyCount "79"]
[EventDate "2024.05.01"]
[EventType "swiss"]
[EventRounds "9"]
[EventCountry "THA"]
[SourceTitle "CB19_2024"]
[SourceDate "2024.05.08"]
[SourceVersion "1"]
[SourceVersionDate "2024.05.08"]
[SourceQuality "1"]

1. d4 Nf6 2. c4 e6 3. g3 d5 4. Bg2 Be7 5. Nf3 0-0 6. Qc2 c6 7. Nbd2 b6 8. 0-0 Bb7 9. e4 Na6 10. cxd5 Nb4 11. Qb3 cxd5 12. e5 Ne4 13. a3 Nc6 14. Re1 Na5 15. Qd1 Rc8 16. Bf1 Qc7 17. Bd3 f5 18. exf6 Rxf6 19. Nxe4 dxe4 20. Bxe4 Bxe4 21. Rxe4 Qc2 22. Qxc2 Rxc2 23. Nd2 Rf8 24. Rb1 Rfc8 25. Re1 Bg5 26. f4 Bf6 27. Nf3 Nb3 28. Be3 R8c4 29. Red1 Re2 30. Rd3 Na5 31. Kf1 Rec2 32. Bd2 Nc6 33. Ne1 Nxd4 34. Nxc2 Nxc2 35. Ke2 Nd4+ 36. Kd1 e5 37. fxe5 Bxe5 38. Rc1 Ra4 39. Rc8+ Kf7 40. Bc3 1-0

[Event "Bangkok Big Rook op 4th"]
[Site "Bangkok"]
[Date "2024.05.03"]
[Round "5"]
[White "Le Ruyet, Leopold"]
[Black "Kaushik, Ashwath"]
[Result "0-1"]
[WhiteElo "2233"]
[BlackElo "1942"]
[PlyCount "70"]
[EventDate "2024.05.01"]
[EventType "swiss"]
[EventRounds "9"]
[EventCountry "THA"]
[SourceTitle "CB19_2024"]
[SourceDate "2024.05.08"]
[SourceVersion "1"]
[SourceVersionDate "2024.05.08"]
[SourceQuality "1"]

1. e4 c5 2. Nf3 e6 3. d4 cxd4 4. Nxd4 Nf6 5. Nd2 Bc5 6. N4b3 Bb6 7. e5 Nd5 8. Ne4 0-0 9. c4 Nb4 10. Bg5 f6 11. exf6 gxf6 12. Bh6 f5 13. Bxf8 Qxf8 14. Nd6 N8c6 15. Nxc8 Rxc8 16. Be2 Nd4 17. Nxd4 Bxd4 18. 0-0 e5 19. Qb3 Kh8 20. a3 Na6 21. Qxb7 Nc5 22. Qd5 d6 23. Rab1 Ne4 24. Qa5 Qh6 25. Rbd1 Bb6 26. Qd5 Qh4 27. Qxd6 Bxf2+ 28. Rxf2 Qxf2+ 29. Kh1 Rg8 30. Bf1 Qe3 31. h3 Nf2+ 32. Kh2 Qg3+ 33. Kg1 Nxh3+ 34. Kh1 Nf2+ 35. Kg1 Nxd1 0-1